| 000 | 00704nam a2200217 a 4500 | ||
|---|---|---|---|
| 999 |
_c3032 _d3032 |
||
| 001 | 3032 | ||
| 003 | BD-JhCC | ||
| 005 | 20171109162950.0 | ||
| 008 | 171109s1978 bg |||| |||| 000 0 ben d | ||
| 035 | _a(BD-JhCC) 3032 | ||
| 040 |
_aBD-JhCC _dBD-JhCC |
||
| 041 | _aben | ||
| 082 |
_a891.4409 _bGOS 1978 |
||
| 100 | _aগোস্বামী, করুণাময় | ||
| 245 |
_aনজরুলগীতি প্রসঙ্গ / _cকরুণাময় গোস্বামী |
||
| 260 |
_aঢাকা : _bবাংলা একাডেমী, _c১৯৭৮. |
||
| 300 |
_a৩৩৪ পৃ. : _c২২ সেমি. |
||
| 650 | _aBengali literature | ||
| 942 |
_2ddc _cBK |
||